<?xml version="1.0" encoding="UTF-8"?>
<record
    xmlns:xsi="http://www.w3.org/2001/XMLSchema-instance"
    xsi:schemaLocation="http://www.loc.gov/MARC21/slim http://www.loc.gov/standards/marcxml/schema/MARC21slim.xsd"
    xmlns="http://www.loc.gov/MARC21/slim">

  <leader>01042nam a22001457a 4500</leader>
  <datafield tag="999" ind1=" " ind2=" ">
    <subfield code="c">523930</subfield>
    <subfield code="d">523930</subfield>
  </datafield>
  <controlfield tag="008">231016b           ||||| |||| 00| 0 eng d</controlfield>
  <datafield tag="100" ind1=" " ind2=" ">
    <subfield code="a">Kaviarasan, K. and Sarkar, Saikat</subfield>
    <subfield code="9">44155</subfield>
  </datafield>
  <datafield tag="245" ind1=" " ind2=" ">
    <subfield code="a">Agri infrastructure </subfield>
  </datafield>
  <datafield tag="260" ind1=" " ind2=" ">
    <subfield code="a">Yojana</subfield>
  </datafield>
  <datafield tag="300" ind1=" " ind2=" ">
    <subfield code="a">67(10), Oct, 2023: p.49-54   </subfield>
  </datafield>
  <datafield tag="520" ind1=" " ind2=" ">
    <subfield code="a">Attaining self-sufficiency in foodgrain production has been one of the greatest achievements of Indian agriculture since Independence. India has graduated from a food-deficit, foodgrain-importing country n 1950s and 1960s to a surplus-generating and leading exporting country, particularly in case of rice and what. This transformation was possible through &#x2018;green revolution&#x2019;, with the adoption of high-yielding varieties and other inputs and favorable  government polices, such as minimum support prices and procumbent. Today India is one of the largest producers of many agricultural commodities in the world, such as cereals fruits, vegetables, spices, sugarcane and cotton. </subfield>
  </datafield>
  <datafield tag="773" ind1=" " ind2=" ">
    <subfield code="a">Yojana</subfield>
  </datafield>
  <datafield tag="906" ind1=" " ind2=" ">
    <subfield code="a">AGRICULTURE</subfield>
  </datafield>
  <datafield tag="942" ind1=" " ind2=" ">
    <subfield code="c">AR</subfield>
  </datafield>
  <datafield tag="952" ind1=" " ind2=" ">
    <subfield code="0">0</subfield>
    <subfield code="1">0</subfield>
    <subfield code="2">ddc</subfield>
    <subfield code="4">0</subfield>
    <subfield code="7">0</subfield>
    <subfield code="9">398979</subfield>
    <subfield code="a">IIPA</subfield>
    <subfield code="b">IIPA</subfield>
    <subfield code="d">2023-10-16</subfield>
    <subfield code="h">67(10), Oct, 2023: p.49-54   </subfield>
    <subfield code="p">AR129815</subfield>
    <subfield code="r">2023-10-16</subfield>
    <subfield code="y">AR</subfield>
  </datafield>
</record>
